000 00289nam a22001217a 4500
008 170522b xxu||||| |||| 00| 0 eng d
041 _aeng
080 _22 ED
_a94
100 _a16
101 _aSHH
245 _aAN INTRODUCTION TO THE STUDY OF POLICY
_cJONES.CH.O
942 _2udc
_cBK
999 _c13752
_d13752